ბათუმის შოთა რუსთაველის სახელმწიფო უნივერსიტეტის ბიბლიოთეკა

ციფრული ტექნიკის საფუძვლები : დამხმ. სახელმძღვ. / (ბიბ.ჩანაწერი № 38820)

000 -ლიდერი
ფიქსირებული სიგრძის საკონტროლო ველი 01174nam a2200229Ia 4500
001 - საკონტროლო ნომერი
საკონტროლო ველი 5222
003 - საკონტროლო ნომრის იდენტიფიკატორი
საკონტროლო ველი GE_BSU
005 - ბოლო ოპერაციის თარიღი და დრო
საკონტროლო ველი 20190627211328.0
008 - ფიქსირებული სიგრძის მონაცემთა ელემენტები - ზოგადი ინფორმაცია
ფიქსირებული სიგრძის საკონტროლო ველი 181216s1988||||ge |||||||||||||| ||geo||
080 ## - უნივერსალური ათობითი კლასიფიკაციის ინდექსი
Universal Decimal Classification number 004.383.3(075.8) ხ-25
100 ## - მთავარი ჩანაწერი - პიროვნების სახელი
Personal name ხარატიშვილი, ნ.
9 (RLIN) 3029
245 ## - ცნობა სათაურის შესახებ
Title ციფრული ტექნიკის საფუძვლები : დამხმ. სახელმძღვ. /
Statement of responsibility, etc ნ. ხარატიშვილი ; ლ. ღოღობერიძე ; ვ. ნანობაშვილი ; რედ : ე. გიორგაძე.
264 ## - წარმოების, გამოცემის, დისტრიბუციის და სხვა ცნობები
გამოცემის, წარმოების, დისტრიბუციის... ადგილი თბილისი :
გამოცემის, წარმოების, დისტრიბუციის... სახელწოდება სპი,
გამოცემის, წარმოების, დისტრიბუციის... თარიღი 1988.
300 ## - ფიზიკური აღწერა
Extent 92 გვ .:
Other physical details ილ; ცხრ.
Dimensions 20 სმ.
504 ## - BIBLIOGRAPHY, ETC. NOTE
Bibliography, etc ბიბლიოგრ.:გვ.90
653 ## - INDEX TERM--UNCONTROLLED
Uncontrolled term ციფრული ტექნიკის საფუძვლები
653 ## - INDEX TERM--UNCONTROLLED
Uncontrolled term საინფორმაციო ტექნოლოგიები
700 ## - ADDED ENTRY--PERSONAL NAME
Personal name ღოღობერიძე, ლ.
9 (RLIN) 3030
700 ## - ADDED ENTRY--PERSONAL NAME
Personal name ნანობაშვილი, ვ
9 (RLIN) 3031
700 ## - ADDED ENTRY--PERSONAL NAME
Personal name გიორგაძე, ე
Relator term რედაქტორი
9 (RLIN) 398
942 ## - ADDED ENTRY ELEMENTS (KOHA)
Koha item type წიგნი
Source of classification or shelving scheme
ეგზემპლარები
ჩამოწერის სტატუსი დაკარგული ეგზემპლარის სტატუსი კლასიფიკაციის წყარო ან თაროზე გაწყობის სქემა დაზიანების სტატუსი არ გაიცემა მუდმივი მდებარეობა (დაცვის ადგილი) ამჟამინდელი ადგილსამყოფელი თაროზე განთავსების ადგილი შეძენის თარიღი ღირებულება, შესყიდვის ნორმალური ფასი სრული შენახვის შიფრი შტრიხკოდი ბოლო ოპერაციის თარიღი ეგზემპლარის მიმდევრობითი ნომერი (კეტერი?) ფასის ძალაში შესვლის თარიღი ეგზემპლარის სახეობა საჯარო შენიშვნა
          ტექნოლოგიური ფაკულტეტის ბიბლიოთეკა ტექნოლოგიური ფაკულტეტის ბიბლიოთეკა წიგნსაცავი 2018-12-17 0.00 004.383.3(075.8) ხ-25 11007 2018-12-17 11007 2018-12-17 წიგნი 0,36 თ.
          ტექნოლოგიური ფაკულტეტის ბიბლიოთეკა ტექნოლოგიური ფაკულტეტის ბიბლიოთეკა წიგნსაცავი 2018-12-17 0.00 004.383.3(075.8) ხ-25 11008 2018-12-17 11008 2018-12-17 წიგნი 0,36 თ.
          ტექნოლოგიური ფაკულტეტის ბიბლიოთეკა ტექნოლოგიური ფაკულტეტის ბიბლიოთეკა წიგნსაცავი 2018-12-17 0.00 004.383.3(075.8) ხ-25 11009 2018-12-17 11009 2018-12-17 წიგნი 0,36 თ.
          ტექნოლოგიური ფაკულტეტის ბიბლიოთეკა ტექნოლოგიური ფაკულტეტის ბიბლიოთეკა წიგნსაცავი 2018-12-17 0.00 004.383.3(075.8) ხ-25 11010 2018-12-17 11010 2018-12-17 წიგნი 0,36 თ.
          ტექნოლოგიური ფაკულტეტის ბიბლიოთეკა ტექნოლოგიური ფაკულტეტის ბიბლიოთეკა წიგნსაცავი 2018-12-17 0.00 004.383.3(075.8) ხ-25 11011 2018-12-17 11011 2018-12-17 წიგნი 0,36 თ.
          ტექნოლოგიური ფაკულტეტის ბიბლიოთეკა ტექნოლოგიური ფაკულტეტის ბიბლიოთეკა წიგნსაცავი 2018-12-17 0.00 004.383.3(075.8) ხ-25 11012 2018-12-17 11012 2018-12-17 წიგნი 0,36 თ.
          ტექნოლოგიური ფაკულტეტის ბიბლიოთეკა ტექნოლოგიური ფაკულტეტის ბიბლიოთეკა წიგნსაცავი 2018-12-17 0.00 004.383.3(075.8) ხ-25 11013 2018-12-17 11013 2018-12-17 წიგნი 0,36 თ.
          ტექნოლოგიური ფაკულტეტის ბიბლიოთეკა ტექნოლოგიური ფაკულტეტის ბიბლიოთეკა წიგნსაცავი 2018-12-17 0.00 004.383.3(075.8) ხ-25 11014 2018-12-17 11014 2018-12-17 წიგნი 0,36 თ.
          ტექნოლოგიური ფაკულტეტის ბიბლიოთეკა ტექნოლოგიური ფაკულტეტის ბიბლიოთეკა წიგნსაცავი 2018-12-17 0.00 004.383.3(075.8) ხ-25 11015 2018-12-17 11015 2018-12-17 წიგნი 0,36 თ.
          ტექნოლოგიური ფაკულტეტის ბიბლიოთეკა ტექნოლოგიური ფაკულტეტის ბიბლიოთეკა წიგნსაცავი 2018-12-17 0.00 004.383.3(075.8) ხ-25 11016 2018-12-17 11016 2018-12-17 წიგნი 0,36 თ.